Normal view
MARC view
Entry Personal Name
001 - CONTROL NUMBER
- control field: 12412
003 - CONTROL NUMBER IDENTIFIER
- control field: BD-RjUL
005 - DATE AND TIME OF LATEST TRANSACTION
- control field: 20240319104755.0
008 - FIXED-LENGTH DATA ELEMENTS
- fixed length control field: 240319|| aca||aabn | a|a d
040 ## - CATALOGING SOURCE
- Original cataloging agency: BD-RjUL
- Transcribing agency: BD-RjUL
100 ## - HEADING--PERSONAL NAME
- Personal name: Aurangzeb, Emperor of Hindustan,
- Dates associated with a name: 1600-1699
- Chronological subdivision: 1618-1707
670 ## - SOURCE DATA FOUND
- Source citation: Work cat.: (BD-RjUL)83398: نعمانى، شبلى Nuʻmānī, Shiblī 12411, اورنگزىب عالمگىر پر ايک نظر اورنگزىب عالمگىر پر ايک نظر / Aurangzeb ʻĀlamgīr par ek naz̤ar /, 1949